Complex variables and the Laplace transform for engineers (Record no. 13856)

000 -LEADER
fixed length control field 00606nam a22002051 4500
001 - CONTROL NUMBER
control field 13856
003 - CONTROL NUMBER IDENTIFIER
control field BD-DhUET
008 - FIXED-LENGTH DATA ELEMENTS--GENERAL INFORMATION
fixed length control field 840622s1961 nyua b 000 0 eng
040 ## - CATALOGING SOURCE
Original cataloging agency DLC
Transcribing agency DLC
Modifying agency BD-DhUET
082 00 - DEWEY DECIMAL CLASSIFICATION NUMBER
Classification number 517.862
Item number LEP/1961
100 ## - MAIN ENTRY--PERSONAL NAME
Personal name LePage, Wilbur R.
245 10 - TITLE STATEMENT
Title Complex variables and the Laplace transform for engineers
250 ## - EDITION STATEMENT
Edition statement 1st ed.
260 ## - PUBLICATION, DISTRIBUTION, ETC. (IMPRINT)
Place of publication, distribution, etc. Bombay
Name of publisher, distributor, etc. McGraw-Hill
Date of publication, distribution, etc. 1961
300 ## - PHYSICAL DESCRIPTION
Extent xvi, 475 p.
Other physical details ill.
Dimensions 24 cm.
490 ## - SERIES STATEMENT
Series statement International series in pure and applied mathematics
504 ## - BIBLIOGRAPHY, ETC. NOTE
Bibliography, etc Includes bibliographies
650 #0 - SUBJECT ADDED ENTRY--TOPICAL TERM
Topical term or geographic name as entry element Calculus - Complex variables
942 ## - ADDED ENTRY ELEMENTS (KOHA)
Koha item type General Book
Holdings
Source of classification or shelving scheme Sublocation or collection (holding branch) Koha date last seen Shelving location Price effective from Copy number Koha item type Withdrawn status Piece designation (barcode) Date acquired Not for loan Koha full call number Location (home branch) Damaged status Lost status Koha normalized classification for sorting
 Central Library, BUET2015-03-05Circulation section2015-03-051General Book 401162015-03-05 517.862/LEP/1961Central Library, BUET  517_862000000000000_LEP_1961
 Central Library, BUET2015-03-05Circulation section2015-03-052General Book 243852015-03-05 517.862/LEP/1961Central Library, BUET  517_862000000000000_LEP_1961
 Central Library, BUET2015-03-07Circulation section2015-03-073General Book 63742015-03-07 517.862/LEP/1961Central Library, BUET  517_862000000000000_LEP_1961
 Central Library, BUET2015-03-07Circulation section2015-03-074General Book 510272015-03-07 517.862/LEP/1961Central Library, BUET  517_862000000000000_LEP_1961
 Central Library, BUET2015-03-07Circulation section2015-03-075General Book 209632015-03-07 517.862/LEP/1961Central Library, BUET  517_862000000000000_LEP_1961
 Central Library, BUET2015-03-07Circulation section2015-03-076General Book 426592015-03-07 517.862/LEP/1961Central Library, BUET  517_862000000000000_LEP_1961
 Central Library, BUET2015-03-07Circulation section2015-03-077General Book 401152015-03-07 517.862/LEP/1961Central Library, BUET  517_862000000000000_LEP_1961
 Central Library, BUET2015-03-07Circulation section2015-03-078General Book 396712015-03-07 517.862/LEP/1961Central Library, BUET  517_862000000000000_LEP_1961
 Central Library, BUET2015-03-07Circulation section2015-03-079General Book 396702015-03-07 517.862/LEP/1961Central Library, BUET  517_862000000000000_LEP_1961
 Central Library, BUET2015-03-07Circulation section2015-03-0710General Book 426602015-03-07 517.862/LEP/1961Central Library, BUET  517_862000000000000_LEP_1961
 Central Library, BUET2015-03-09Circulation section2015-03-0911General Book 426612015-03-09 517.862/LEP/1961Central Library, BUET  517_862000000000000_LEP_1961
 Central Library, BUET2015-03-09Circulation section2015-03-0912General Book 510262015-03-09 517.862/LEP/1961Central Library, BUET  517_862000000000000_LEP_1961
 Central Library, BUET2015-05-03Circulation section2015-05-0313General Book 20392015-05-03 517.862/LEP/1961Central Library, BUET  517_862000000000000_LEP_1961
 Central Library, BUET2015-05-03Circulation section2015-05-0314General Book 63752015-05-03 517.862/LEP/1961Central Library, BUET  517_862000000000000_LEP_1961
 Central Library, BUET2015-05-03Circulation section2015-05-0315General Book 20412015-05-03 517.862/LEP/1961Central Library, BUET  517_862000000000000_LEP_1961
 Central Library, BUET2015-05-03Circulation section2015-05-0316General Book 20402015-05-03 517.862/LEP/1961Central Library, BUET  517_862000000000000_LEP_1961